Národní opruzení /
Uloženo v:
| Hlavní autor: | |
|---|---|
| Další autoři: | , |
| Médium: | E-audiokniha |
| Jazyk: | Czech |
| Vydáno: |
Praha :
Voxi,
2024
|
| Témata: | |
| Tagy: |
Žádné tagy |
| LEADER | 02529nim a2200637 i 4500 | ||
|---|---|---|---|
| 001 | 313218 | ||
| 003 | CZ PrSKC | ||
| 005 | 20260601215738.0 | ||
| 008 | 240418t20242024xr cze | ||
| 024 | 3 | |a 8594050437739 | |
| 040 | |a ULG001 |b cze |e rda | ||
| 072 | 7 | |a 821.162.3-3 |x Česká próza |2 Konspekt | |
| 080 | |a 821.162.3-31 |2 MRF | ||
| 080 | |a (086.7)08 |2 MRF | ||
| 080 | |a (086.76) |2 MRF | ||
| 100 | 1 | |a Meixnerová, Karolína, |d 1993- |7 jo20221140638 |4 aut | |
| 245 | 1 | 0 | |a Národní opruzení / |c Karolína Zoe Meixnerová |
| 264 | 1 | |a Praha : |b Voxi, |c 2024 | |
| 264 | 4 | |c ©2024 | |
| 300 | |a 1 audiodisk (4 hod., 26 min.) ; |c 12 cm | ||
| 306 | |a 042600 | ||
| 336 | |a mluvené slovo |b spw |2 rdacontent | ||
| 337 | |a audio |b s |2 rdamedia | ||
| 338 | |a audiodisk |b sd |2 rdacarrier | ||
| 344 | |a digital |b optical |2 rda | ||
| 347 | |a audio soubor |b MP3 |2 rda | ||
| 500 | |a Název z disku | ||
| 500 | |a Podle stejnojmenné knihy vydané nakladatelstvím CooBoo v roce 2023 | ||
| 500 | |a Copyright Albatros Media | ||
| 508 | |a Režie Ondřej Černý | ||
| 511 | 0 | |a Čte Dalibor Buš | |
| 655 | 7 | |a české romány |7 fd133974 |2 czenas | |
| 655 | 7 | |a audioknihy |7 fd119452 |2 czenas | |
| 655 | 7 | |a kompaktní disky |7 fd201991 |2 czenas | |
| 700 | 1 | |a Buš, Dalibor, |d 1989- |7 mzk2018981230 |4 nrt | |
| 700 | 1 | |a Černý, Ondřej, |d 1983- |7 xx0158829 |4 drt | |
| 900 | |a ULG001 |b 17 | ||
| 044 | |a xr | ||
| 505 | 0 | 0 | |t 00_Uvod (1 min., 51 sek.) |
| 505 | 0 | 0 | |t 01_Stoletá voda (19 min., 27 sek.) |
| 505 | 0 | 0 | |t 02_Poslední Čech (26 min., 59 sek.) |
| 505 | 0 | 0 | |t 03_Malostranský přízrak (23 min., 31 sek.) |
| 505 | 0 | 0 | |t 04_Dámská volenka (19 min., 46 sek.) |
| 505 | 0 | 0 | |t 05_Korunní svědek (18 min., 39 sek.) |
| 505 | 0 | 0 | |t 06_Ruská kocovina (20 min., 59 sek.) |
| 505 | 0 | 0 | |t 07_Divoký západ (24 min., 12 sek.) |
| 505 | 0 | 0 | |t 08_Potrhlá Rút (23 min., 54 sek.) |
| 505 | 0 | 0 | |t 09_Neposkvrněná duše (20 min., 37 sek.) |
| 505 | 0 | 0 | |t 10_Stínová výprava (18 min., 58 sek.) |
| 505 | 0 | 0 | |t 11_Žofiina volba (20 min., 58 sek.) |
| 505 | 0 | 0 | |t 12_Havlíčkovo prokletí (18 min., 56 sek.) |
| 505 | 0 | 0 | |t 13_První doslov (5 min., 13 sek.) |
| 505 | 0 | 0 | |t 14_Druhý doslov (1 min., 21 sek.) |
| 910 | |a RBIT002 | ||
| 998 | |d 396135 |a https://core.palmknihy.cz/api/books/396135/cover?shcg5j |b https://core.palmknihy.cz/api/books/396135/cover/400?shcg5j |c https://core.palmknihy.cz/api/books/396135/cover/50?shcg5j |e 2034-12-31 |i 8594050437739 |l 15960 |q 49 |r 1 |s https://www.palmknihy.cz/kniha/396135 |t audiobook |y 2024 |z 0 | ||
| 999 | |d 313216 | ||